Central Library OPAC University of Rajshahi
Normal view MARC view

Entry Personal Name

Number of records used in: 2

001 - CONTROL NUMBER

  • control field: 358

003 - CONTROL NUMBER IDENTIFIER

  • control field: BD-RjUL

005 - DATE AND TIME OF LATEST TRANSACTION

  • control field: 20211226113237.0

008 - FIXED-LENGTH DATA ELEMENTS

  • fixed length control field: 211226|| aca||aabn | a|a d

040 ## - CATALOGING SOURCE

  • Original cataloging agency: BD-RjUL
  • Transcribing agency: BD-RjUL

100 ## - HEADING--PERSONAL NAME

  • Personal name: শাহজাহান, এ বি এম

670 ## - SOURCE DATA FOUND

  • Source citation: Work cat.: (BD-RjUL)79061: শাহজাহান, এ বি এম , আধুনিক মধ্যপ্রাচ্যে সংখ্যালঘু /, ২০২১